| 000 | 00503nam a2200181 4500 | ||
|---|---|---|---|
| 001 | 136231 | ||
| 003 | ES-MaACL | ||
| 005 | 20230906195051.0 | ||
| 007 | t| | ||
| 008 | 070214s1969 sp r ||||1| spa d | ||
| 080 | _a821.134.2(72)-31"19" | ||
| 100 | 1 |
_aRulfo, Juan ( _d1917-1986) _9173452 |
|
| 245 | 1 | 0 |
_aPedro Páramo ; _by El llano en llamas / _cJuan Rulfo. |
| 260 |
_aBarcelona : _bPlaneta, _c1969. |
||
| 300 |
_a292 p. ; _c21 cm. |
||
| 740 | 3 | 2 | _aEl llano en llamas. |
| 852 |
_aES-MaACL _jC-38975 |
||
| 999 |
_c136231 _d136231 |
||